00261 a2200109 450000100060000008200170000610000220002324500630004525000130010826000220012130000080014362605 a297.1225 WAH aAbdul Waheed Khan aQuraan Majeed (Translation and Yransliteration in English) aPara III bAbdul Waheed Khan a57p